[Event "Hessen-ch U10"]
[Site "Bad Homburg"]
[Date "2013.??.??"]
[Round "6"]
[White "Woellenstein, Sebastian"]
[Black "Grunwald, Jonathan"]
[Result "0-1"]
[WhiteElo "906"]
[BlackElo "1104"]
[PlyCount "172"]
[EventDate "2013.03.??"]
[EventType "swiss"]
[EventRounds "9"]
[EventCountry "GER"]
[SourceTitle "EXT 2014"]
[Source "ChessBase"]
[SourceDate "2013.11.20"]
[SourceVersion "1"]
[SourceVersionDate "2013.11.20"]
[SourceQuality "1"]

1. e4 e5 2. Nf3 Nc6 3. Nc3 Nf6 4. Be2 d5 5. exd5 Nxd5 6. 0-0 Be7 7. Bc4 Nf4 8. h3 0-0 9. d3 Ng6 10. Nd5 Bc5 11. Be3 Bd6 12. Qd2 Bf5 13. Bg5 Qc8 14. h4 Na5 15. h5 Nxc4 16. dxc4 Nh8 17. Be7 Re8 18. Bf6 Qe6 19. Qg5 g6 20. hxg6 Nxg6 21. Nh4 c6 22. Nxf5 cxd5 23. Ng7 h6 24. Qxh6 Qxf6 25. Nxe8 Rxe8 26. f3 Bc5+ 27. Kh1 Qh4+ 28. Qxh4 Nxh4 29. cxd5 Rd8 30. Rad1 Nf5 31. Kh2 Ne3 32. Rfe1 Nxd1 33. Rxd1 f6 34. a3 Kf7 35. Kg3 Kg6 36. Kg4 f5+ 37. Kh3 Kg5 38. g3 Rh8+ 39. Kg2 b5 40. d6 Rd8 41. d7 Kf6 42. b4 Bd4 43. Rd3 Rxd7 44. c3 Ke6 45. cxd4 exd4 46. Kf2 Kd5 47. Ke2 Kc4 48. Kd2 Rg7 49. f4 Rh7 50. Rf3 Rh2+ 51. Kd1 Rb2 52. Kc1 Rb3 53. Rf2 Rxa3 54. Rg2 Kxb4 55. Rb2+ Rb3 56. Rd2 Rc3+ 57. Kb1 Kc4 58. Kb2 a5 59. Kb1 a4 60. Ra2 a3 61. Re2 b4 62. Ra2 d3 63. Rd2 Rc2 64. Rxc2+ dxc2+ 65. Kxc2 b3+ 66. Kb1 a2+ 67. Kb2 Kd3 68. Ka1 Ke3 69. Kb2 Kf3 70. g4 Kxg4 71. Ka1 Kxf4 72. Kb2 Ke3 73. Ka1 f4 74. Kb2 f3 75. Ka1 f2 76. Kb2 f1Q 77. Kxb3 Qc1 78. Kb4 Qc2 79. Kb5 Qc3 80. Kb6 Qc4 81. Kb7 Qc5 82. Kb8 Qe7 83. Kc8 Kd4 84. Kb8 Kc5 85. Ka8 Kb6 86. Kb8 Qb7# 0-1

[Event "Karl Mala Memorial op 15th"]
[Site "Frankfurt"]
[Date "2012.07.07"]
[Round "4"]
[White "Dittmer, Lutz Michael"]
[Black "Grunwald, Jonathan"]
[Result "0-1"]
[WhiteElo "715"]
[BlackElo "1093"]
[PlyCount "48"]
[EventDate "2012.07.05"]
[EventType "swiss"]
[EventRounds "7"]
[EventCountry "GER"]
[SourceTitle "CBM 149 Extra"]
[Source "ChessBase"]
[SourceDate "2012.08.24"]
[SourceVersion "1"]
[SourceVersionDate "2012.08.24"]
[SourceQuality "1"]

1. d4 d5 2. Nf3 Nc6 3. g3 Bf5 4. a3 e6 5. Bg2 Bd6 6. 0-0 Nf6 7. b4 a6 8. Bb2 0-0 9. Nbd2 Re8 10. e3 Qd7 11. Ng5 e5 12. Qf3 h6 13. g4 Bxg4 14. Qg3 hxg5 15. h3 e4 16. hxg4 Bxg3 17. fxg3 Nxg4 18. c4 Nxe3 19. Rf2 Nxg2 20. Rxg2 dxc4 21. Nxc4 Nxd4 22. Rf1 Nf3+ 23. Kf2 b5 24. Ne3 Qd2# 0-1

[Event "Karl Mala Memorial op 15th"]
[Site "Frankfurt"]
[Date "2012.07.07"]
[Round "5"]
[White "Grunwald, Jonathan"]
[Black "Guenther, Rainer"]
[Result "0-1"]
[WhiteElo "1093"]
[BlackElo "1644"]
[PlyCount "52"]
[EventDate "2012.07.05"]
[EventType "swiss"]
[EventRounds "7"]
[EventCountry "GER"]
[SourceTitle "CBM 149 Extra"]
[Source "ChessBase"]
[SourceDate "2012.08.24"]
[SourceVersion "1"]
[SourceVersionDate "2012.08.24"]
[SourceQuality "1"]

1. e4 c5 2. Nf3 d6 3. Nc3 Nf6 4. Be2 Nbd7 5. 0-0 e6 6. d3 h6 7. Be3 Be7 8. Qd2 a6 9. h3 b5 10. a3 Bb7 11. b3 Qc7 12. Rfe1 Nh7 13. d4 cxd4 14. Nxd4 Bf6 15. b4 Rc8 16. Na2 Bxe4 17. Bd3 Bxd3 18. cxd3 0-0 19. Rac1 Qb7 20. Nc3 d5 21. Nde2 e5 22. f3 d4 23. Bf2 dxc3 24. Nxc3 Rc7 25. Rc2 Rfc8 26. Rec1 Ng5 0-1

[Event "Hessen-ch U10"]
[Site "Bad Homburg"]
[Date "2012.??.??"]
[Round "7"]
[White "Grunwald, Jonathan"]
[Black "Baladjaev, Leyla"]
[Result "1-0"]
[WhiteElo "1135"]
[BlackElo "1020"]
[PlyCount "137"]
[EventDate "2012.04.??"]
[EventType "swiss"]
[EventRounds "9"]
[EventCountry "GER"]
[SourceTitle "EXT 2015"]
[Source "ChessBase"]
[SourceDate "2014.11.20"]
[SourceVersion "1"]
[SourceVersionDate "2014.11.20"]
[SourceQuality "1"]

1. e4 c6 2. d4 d6 3. Nc3 Nd7 4. Bc4 Qc7 5. Nf3 h6 6. Bf4 e5 7. Be3 Ngf6 8. Qd3 Be7 9. 0-0 0-0 10. Rfe1 Re8 11. Ne2 Nf8 12. Ng3 Be6 13. Qb3 Rad8 14. Rad1 Ng6 15. Bxe6 fxe6 16. Qxe6+ Kh7 17. Qf5 Bf8 18. h4 Qd7 19. Qh5 Nxh5 20. Nxh5 Qg4 21. Ng3 Nxh4 22. Nh2 Qe6 23. f4 exf4 24. Bxf4 Qxa2 25. Bc1 c5 26. Rf1 d5 27. Rf7 dxe4 28. Rf4 g5 29. Rxe4 Rxe4 30. Nxe4 Qd5 31. Nf6+ Kg6 32. Nxd5 Rxd5 33. c3 Bg7 34. Re1 cxd4 35. cxd4 Bxd4+ 36. Kh1 Rf5 37. Re4 Bb6 38. g3 a5 39. gxh4 gxh4 40. Rxh4 a4 41. Rxh6+ Kf7 42. Rxb6 Re5 43. Rxb7+ Kf6 44. Ng4+ Kf5 45. Nxe5 Kxe5 46. Rb4 Kd5 47. Kg2 Kc5 48. Bd2 Kd5 49. Kf3 Kc5 50. Ke4 a3 51. bxa3 Kc6 52. Kd4 Kc7 53. Rb5 Kc6 54. Kc4 Kc7 55. Kc5 Kd7 56. Rb6 Kc7 57. Ba5 Kd7 58. Rc6 Ke7 59. Rd6 Kf7 60. Kd5 Ke7 61. Ke5 Kf7 62. Re6 Kg7 63. Rf6 Kh7 64. Kf5 Kg7 65. Kg5 Kh7 66. Rg6 Kh8 67. Kf6 Kh7 68. Kf7 Kh8 69. Rh6# 1-0

[Event "Hessen-ch U10"]
[Site "Bad Homburg"]
[Date "2012.??.??"]
[Round "9"]
[White "Grunwald, Jonathan"]
[Black "Stork, Oliver"]
[Result "0-1"]
[WhiteElo "1135"]
[BlackElo "1215"]
[PlyCount "48"]
[EventDate "2012.04.??"]
[EventType "swiss"]
[EventRounds "9"]
[EventCountry "GER"]
[SourceTitle "EXT 2015"]
[Source "ChessBase"]
[SourceDate "2014.11.20"]
[SourceVersion "1"]
[SourceVersionDate "2014.11.20"]
[SourceQuality "1"]

1. e4 e5 2. Nf3 Nc6 3. Bc4 Bc5 4. c3 Nf6 5. d4 exd4 6. cxd4 Bb4+ 7. Nc3 Nxe4 8. Qe2 Bxc3+ 9. bxc3 d5 10. Bd3 0-0 11. Bxe4 dxe4 12. Nd2 Re8 13. 0-0 Qg5 14. Nxe4 Qe7 15. Re1 f5 16. Ng3 Qxe2 17. Rxe2 Rxe2 18. Nxe2 Bd7 19. Bf4 Re8 20. Ng3 h6 21. Bxc7 g5 22. Rb1 f4 23. Nh5 Kf7 24. Rxb7 Re1# 0-1

[Event "Hessen-ch U10"]
[Site "Bad Homburg"]
[Date "2012.??.??"]
[Round "4"]
[White "Paeutz, Hannah"]
[Black "Grunwald, Jonathan"]
[Result "0-1"]
[WhiteElo "754"]
[BlackElo "1135"]
[PlyCount "44"]
[EventDate "2012.04.??"]
[EventType "swiss"]
[EventRounds "9"]
[EventCountry "GER"]
[SourceTitle "EXT 2015"]
[Source "ChessBase"]
[SourceDate "2014.11.20"]
[SourceVersion "1"]
[SourceVersionDate "2014.11.20"]
[SourceQuality "1"]

1. e4 e5 2. Nf3 Nc6 3. Bb5 d6 4. 0-0 Bg4 5. h3 Bh5 6. d3 Qf6 7. Nbd2 Nge7 8. b3 a6 9. Bxc6+ Nxc6 10. c3 Rg8 11. Qe2 g5 12. Qe3 Bh6 13. d4 g4 14. dxe5 dxe5 15. Qd3 gxf3 16. g3 Rd8 17. Qc4 Bxd2 18. Bxd2 Rxd2 19. Qa4 Qe6 20. Kh2 Qh6 21. g4 Bxg4 22. Rg1 Qxh3# 0-1